00877nam a22002657a 45000010005000000030006000050050017000110080041000280200018000690400029000870500014001160820011001301000017001412450080001582600050002383000044002885050008003325200103003405210030004435210020004736500023004936500032005166500025005487000038005735215FISKH20241119155319.0241119b cb ||||| |||| 00| 0 eng d a9780618477906 aFISKHbengcFISKHdFISKH aPZ7.W4472 a813.54 aWeiss, Ellen aTrip To The North Pole : bThe Polar Express : The Movie /cby Ellen Weiss aBoston : bHoughton Mufflin Company ;c2004 . a119 pages : billustrations ;c20 cm .  aS  aOn Christmas eve, a young boy joins some other children on a magical train ride to the North Pole.8 a790 bLexile estimate 8 aS bRaz-Plus  aChristmasvfiction aRailroads -trains vFiction aSanta ClausvFiction aAllsburg, Chris Van eillustrator